Normal view
MARC view
- Finance.
Entry Topical Term
001 - CONTROL NUMBER
- control field: 46916
003 - CONTROL NUMBER IDENTIFIER
- control field: OSt
005 - DATE AND TIME OF LATEST TRANSACTION
- control field: 20221129134451.0
008 - FIXED-LENGTH DATA ELEMENTS
- fixed length control field: 221129|| aca||aabn | a|a d
040 ## - CATALOGING SOURCE
- Original cataloging agency: OSt
- Transcribing agency: OSt
150 ## - HEADING--TOPICAL TERM
- Topical term or geographic name entry element: Finance.
670 ## - SOURCE DATA FOUND
- Source citation: Work cat.: (OSt): Lucas, Daxim L. 46915, BSP eases bank reserve rules to release more cash into economy / , November 25, 2019.
